00502nam a2200109Ia 4500008004100000245013900041260000900180300008800189650002400277999001900301952007200320180130s9999 xx 000 0 und d cPark, Doheum; Bae, Arram; Schich, Maximilian; Park, JuyongaTopology and evolution of the network of western classical music composers c2016 aBook title: Knowledge discovery in databases--Acession number C20553; pages 207-221 aKNOWLEDGE DISCOVERY c354231d354231 001040aCLbCLd2018-01-30l0r2018-01-30 00:00:00w2018-01-30yBC